Bilecik Bilecik Bilecik Bilecik Bilecik

Böl ve yut: batının politikaları bugün de aynı 13 ülkede batı projeleri/ (Record no. 36557)

MARC details
000 -BAŞLIK
Sabit Uzunluktaki Kontrol Alanı 01275nam a22003737a 4500
001 - KONTROL NUMARASI
Control Dosyası 0036666
003 - KONTROL NUMARASI KİMLİĞİ
Kontrol Alanı KOHA_MİRAKIL
005 - EN SON İŞLEM TARİHİ ve ZAMANI
Kontrol Alanı 20260207003013.0
007 - FİZİKSEL TANIM SABİT ALAN - GENEL BİLGİ
Sabit uzunluklu kontrol alanı ta
008 - SABİT UZUNLUKTAKİ VERİ ÖGELERİ - GENEL BİLGİ
Sabit Alan 120430b2011 tu |||gr||||#||||0|tur |
020 ## - ISBN - ULUSLARARASI STANDART KİTAP NUMARASI
Isbn 9789751413147
Kullanılabilirlik koşulları 12,88
040 ## - KATALOGLAMA KAYNAĞI
Özgün Kataloglama Kurumu TR-BiSEU
Kataloglama Dili tur
Çeviri Kurumu TR-BiSEU
Açıklama Kuralları rda
041 0# - DİL KODU
Metin ya da ses kaydının dil kodu tur
044 ## - YAYINLAYAN/ÜRETEN KURULUŞUN ÜLKE KODU
ISO country code tu
050 ## - SINIFLAMA ve YER NUMARASI
Sınıflama Numarası D31
Yer Numarası .A93 2011
100 0# - KİŞİ ADI
Yazar Adı (Kişi adı) Avar Banu.
245 1# - ESER ADI BİLDİRİMİ
Başlık Böl ve yut: batının politikaları bugün de aynı 13 ülkede batı projeleri/
Sorumluluk Bildirimi Avar Banu ; Banu Avar.
250 ## - BASIM BİLDİRİMİ
Basım Bildirimi 12.bs
264 #1 - ÜRERİM, YAYIN, DAĞITIM ve TELİF BİLDİRİMİ
Yayın yeri İstanbul :
Yayınlayan Remzi Kitabevi
Yayın tarihi 2011
300 ## - FİZİKSEL TANIMLAMA
Sayfa, Cilt vb. 302 s. ;
Boyutları 21 cm
336 ## - İÇERİK TÜRÜ
Content type term metin
Content type code txt
Source rdacontent
337 ## - MEDYA TÜRÜ
Media type term aracısız
Media type code n
Source rdamedia
338 ## - TAŞIYICI TÜRÜ
Carrier type term cilt
Carrier type code nc
Source rdacarrier
650 #0 - KONU BAŞLIĞI EK GİRİŞ - KONU TERİMİ
Konusal terim veya coğrafi ad Dünya politikası--21. yüzyıl.
9 (RLIN) 69329
650 #0 - KONU BAŞLIĞI EK GİRİŞ - KONU TERİMİ
Konusal terim veya coğrafi ad Jeopolitik--21. yüzyıl.
9 (RLIN) 69330
650 #0 - KONU BAŞLIĞI EK GİRİŞ - KONU TERİMİ
Konusal terim veya coğrafi ad Geopolitics--21st century.
9 (RLIN) 69331
650 #0 - KONU BAŞLIĞI EK GİRİŞ - KONU TERİMİ
Konusal terim veya coğrafi ad Güvenlik, Uluslararası
9 (RLIN) 69332
650 #0 - KONU BAŞLIĞI EK GİRİŞ - KONU TERİMİ
Konusal terim veya coğrafi ad Security, International
9 (RLIN) 69333
650 #0 - KONU BAŞLIĞI EK GİRİŞ - KONU TERİMİ
Konusal terim veya coğrafi ad Asya, Orta--Siyaset ve yönetim--21.yüzyıl.
9 (RLIN) 69334
650 #0 - KONU BAŞLIĞI EK GİRİŞ - KONU TERİMİ
Konusal terim veya coğrafi ad Asia, Central-- Politics and government--21st century.
9 (RLIN) 69335
650 #0 - KONU BAŞLIĞI EK GİRİŞ - KONU TERİMİ
Konusal terim veya coğrafi ad Asya, Orta--Dış ilişkiler--Avrupa.
9 (RLIN) 69336
650 #0 - KONU BAŞLIĞI EK GİRİŞ - KONU TERİMİ
Konusal terim veya coğrafi ad Asia, Central--Foreign relations--Europe.
9 (RLIN) 69337
942 ## - EK GİRİŞ ÖGELERİ (KOHA)
Source of classification or shelving scheme Library of Congress Classification
Koha item type Book
Holdings
Materyal Türü Kalıcı Konum Mevcut Konum Raf Yeri Sınıflandırma Kaynağı Edinim Bilgisi Ana Konular Alt Konular Yer Numarası Demirbaş Numarası Fatura Tarihi Maliyet, Alış Fiyatı Maliyet, Yenileme Fiyatı Geri Çekilme Durumu Kayıp Durumu Hasarlı Durumu Kredi için değil Kayıt Tarih Toplam Ödünçverme Son Görülme Tarihi Son Kontrol Tarihi
Book Prof. Dr. Azmi Özcan Kütüphanesi Prof. Dr. Azmi Özcan Kütüphanesi Uluğbey Salonu Library of Congress Classification Satın DÜNYA TARİHİ (AVRUPA, ASYA, AFRİKA VB.) Tarih (Genel) D31 .A93 2011 0036666 23/07/2012 12.88 12.88         30/04/2012 8 05/12/2024 05/12/2024